| 000 | 01394cam a2200361Ia 4500 | ||
|---|---|---|---|
| 001 | 93075 | ||
| 005 | 20230410101711.0 | ||
| 008 | 030509s2001 ht ac 000 0dfre d | ||
| 035 | _a(OCoLC)ocm52211146 | ||
| 040 |
_aNYP _cNYP _dOCLCQ _dOCLCG _dCLU |
||
| 035 | _a(OCoLC)52211146 | ||
| 043 | _anwht--- | ||
| 050 | 1 | 4 |
_a110 ML 420 _bD437a 2001 |
| 100 | 1 |
_aDérose, Ansy, _d1934-1998. |
|
| 245 | 1 | 0 |
_aAnsy Dérose : _ba fleur de coeur-- / _c[conception et montage: Rudy Dérose]. |
| 246 | 1 | 3 | _a"Ansy Dérose : une rétrospective" |
| 260 |
_a[Port-au-Prince, Haiti : _bMusée d'art haitien du College Saint-Pierre, _c2001] |
||
| 300 |
_a76 p. : _bill., ports. ; _c21 cm. |
||
| 500 | _a"Une publication du Musée d'art haítien du College Saint-Pierre avec l'assistance du Service de cooperation et d'action culturelle de l'Ambassade de France et de la Banque nationale de crédit dans le cadre de l'exposition." | ||
| 546 | _aSong texts in Creole and French. | ||
| 600 | 1 | 0 |
_aDerose, Ansy, _d1934-1998 _vExhibitions. |
| 650 | 0 |
_aSingers _zHaiti _vBiography. |
|
| 650 | 0 |
_aEntertainers _zHaiti _vBiography. |
|
| 650 | 0 |
_aPopular music _zHaiti. |
|
| 650 | 0 |
_aWomen singers _zHaiti. |
|
| 650 | 0 | _aLyric writing (Popular music) | |
| 650 | 0 | _aComposers. | |
| 650 | 0 | _aLyricists. | |
| 655 | 7 |
_aHaitian poetry. _2lcsh |
|
| 700 | 1 | _aDâerose, Rudy. | |
| 942 |
_2lcc _cbk |
||
| 994 |
_aC0 _bDRFGD |
||
| 999 |
_c12318 _d12318 |
||